Vojenská diplomacia ako nástroj zahraničnej politiky štátu bakalárska práca

Salvato in:
Dettagli Bibliografici
Autore principale: Svrček, Matej
Ente Autore: Fakulta medzinárodných vzťahov EU. Katedra medzinárodných politických vzťahov
Altri autori: Adašková, Daša
Natura: Libro
Lingua:slovacco
Pubblicazione: Bratislava 2015
Tags: Aggiungi Tag
Nessun Tag, puoi essere il primo ad aggiungerne!!

MARC

LEADER 00000nbm a2200000 4500
001 0202620
005 20161212100142.8
041 0 |a slo 
044 |a SK 
245 1 0 |a Vojenská diplomacia ako nástroj zahraničnej politiky štátu  |b bakalárska práca  |c Matej Svrček ; školiteľ: Daša Adašková 
264 1 |a Bratislava  |c 2015 
300 |a 63 s. 
100 1 |a Svrček, Matej 
700 1 |a Adašková, Daša 
710 2 |a Fakulta medzinárodných vzťahov EU. Katedra medzinárodných politických vzťahov